| 000 | 00929nac a22002777a 4500 | ||
|---|---|---|---|
| 001 | BR9403046 | ||
| 003 | BR-BrBNA | ||
| 005 | 20240105121541.0 | ||
| 008 | 230509b bl.|||m| |||| 00| 0 por d | ||
| 040 |
_aBR-BrBNA _bpor _cBiblioteca Nacional de Agricultura |
||
| 072 | _aH20 | ||
| 090 | _a1540 BR9403046 | ||
| 100 | 1 | _aRam, C. | |
| 100 | 1 | _aTupinamba, E.A. | |
| 110 | 1 |
_aUnidade de Execucao de Pesquisa de Ambito Estadual de Aracaju, SE (Brasil) _910344 |
|
| 245 | 1 | _aAvaliacao de resistencia de mandioca a podridao radicular | |
| 260 | 3 |
_aAracaju, SE (Brasil): _c1982. |
|
| 300 | _a3 p. | ||
| 490 |
_aPesquisa em Andamento - Unidade de Execucao de Pesquisa de Ambito Estadual de Aracaju (Brazil) _vno. 7 _xISSN 0101-7357 |
||
| 650 | _aMandioca | ||
| 650 | _aVariedade Resistente | ||
| 650 | _aPodridao Radicular | ||
| 650 | _aSergipe | ||
| 909 |
_a202312 _bLúcia Elande _c55 _dLúcia Elande |
||
| 942 |
_2AGRIS _n0 _cMS |
||
| 999 |
_c285958 _d285958 |
||